Tableau périodique des éléments- Autres Métaux - Statistiques

Statistiques générales
  • Ce quiz a été pris 15 fois
  • Le résultat moyen est 6 sur 11
Statistiques - réponses
Autres métaux % Correct
Aluminium
85%
Gallium
77%
Plomb
69%
Thallium
62%
Bismuth
54%
Étain
54%
Indium
46%
Flérovium
31%
Livermorium
31%
Moscovium
31%
Nihonium
31%
Aucun quiz correspondant
Distribution des résultats
% des personnes avec chaque résultat
Percentile par nombre de réponses
Votre historique - résultats
Vous n’avez pas pris ce quiz